000 00810nam a2200289Ia 4500
005 20260324112419.0
008 008 260324s9999 xx 000 0 eng d
020 _a9781003334033
037 _aEBOOK
040 _aCRL
040 _beng
040 _cCRL
041 _2eng
041 _aeng
084 _qCRL
100 _aMariza Ferreira; Rebecca Howell
_91142597
245 0 _aOccupational Therapy for Children with DME or Twice Exceptionality
245 2 _bA Practical Approach to Support High Learning Potential, Sensory Processing Differences and Self-Regulation
260 _bTaylor and Francis
260 _c2024
365 _a
365 _b230
856 _uhttp://www.taylorfrancis.com/books/9781003334033
942 _cEBOOK
999 _c1731794
_d1731794